Datum a čas kvízu
20
Celkem bodů
Celkový počet nahraných bodů na tomto kvízu bez doplňovacích otázek.
8.
Pořadí na kvízu
Konečné umístění týmu na tomto kvízu.
Zaznamenané odpovědi
| # | Otázka | Odpověď | Body | Výsledky |
|---|---|---|---|---|
| 1. | Jistá velká česká společnost o... | 0 | ||
| 2. | Za přísných bezpečnostních opa... | 0 | ||
| 3. | Nejstreamovanější kapela roku... | 1 | ||
| 4. | Další výrobce luxusních vozů o... | 1 | ||
| 5. | Minulý týden probíhal v Londýn... | 0 | ||
| 5. | Herečku Hanu Vagnerovou můžeme... | 1 | ||
| 5. | Jak se jmenuje herečka v roli... | 0.5 | ||
| 8. | Česká snowboardistka Eva Samko... | 0 | ||
| 5. | Který produkt propaguje již de... | 0 | ||
| 10. | Přiřaďte jména známých osobnos... | 1 |